00238 a2200109 4500001000700000020000600007040001100013100002000024240004000044245003500084362000900119176373 a  cMagnum aPiffer, Osvaldo10aEstudando as paisagens/5 serielpor10aEstudando as paisagens/5 serie0 a1899